<?xml version="1.0" encoding="UTF-8"?>
<record
    xmlns:xsi="http://www.w3.org/2001/XMLSchema-instance"
    xsi:schemaLocation="http://www.loc.gov/MARC21/slim http://www.loc.gov/standards/marcxml/schema/MARC21slim.xsd"
    xmlns="http://www.loc.gov/MARC21/slim">

  <leader>02403cam a2200337 i 4500</leader>
  <controlfield tag="001">991107209748706196</controlfield>
  <controlfield tag="005">20250522092102.0</controlfield>
  <controlfield tag="008">210616s2021    enk      b    000 0 eng  </controlfield>
  <datafield tag="010" ind1=" " ind2=" ">
    <subfield code="a">  2021941206</subfield>
  </datafield>
  <datafield tag="020" ind1=" " ind2=" ">
    <subfield code="a">9781839762345</subfield>
  </datafield>
  <datafield tag="035" ind1=" " ind2=" ">
    <subfield code="a">(OCoLC)1233031231</subfield>
  </datafield>
  <datafield tag="035" ind1=" " ind2=" ">
    <subfield code="a">(OCoLC)on1233031231</subfield>
  </datafield>
  <datafield tag="040" ind1=" " ind2=" ">
    <subfield code="a">DLC</subfield>
    <subfield code="b">eng</subfield>
    <subfield code="e">rda</subfield>
    <subfield code="c">DLC</subfield>
    <subfield code="d">BDX</subfield>
    <subfield code="d">UKMGB</subfield>
    <subfield code="d">OCLCF</subfield>
    <subfield code="d">ERASA</subfield>
    <subfield code="d">S#L</subfield>
    <subfield code="d">CDX</subfield>
    <subfield code="d">CLE</subfield>
    <subfield code="d">NZAUC</subfield>
    <subfield code="d">YDX</subfield>
  </datafield>
  <datafield tag="041" ind1=" " ind2=" ">
    <subfield code="a">eng</subfield>
  </datafield>
  <datafield tag="042" ind1=" " ind2=" ">
    <subfield code="a">pcc</subfield>
  </datafield>
  <datafield tag="050" ind1="0" ind2="0">
    <subfield code="a">TD887.F69</subfield>
    <subfield code="b">B83 2021</subfield>
  </datafield>
  <datafield tag="100" ind1=" " ind2=" ">
    <subfield code="a">Buck, Holly Jean</subfield>
    <subfield code="d">1981-</subfield>
    <subfield code="e">author</subfield>
    <subfield code="9">25291</subfield>
  </datafield>
  <datafield tag="245" ind1="1" ind2="0">
    <subfield code="a">Ending fossil fuels</subfield>
    <subfield code="b">: why net zero is not enough</subfield>
    <subfield code="c">/ Holly Jean Buck.</subfield>
  </datafield>
  <datafield tag="260" ind1=" " ind2=" ">
    <subfield code="a">London ;</subfield>
    <subfield code="a">Brooklyn, NY :</subfield>
    <subfield code="b">Verso Books,</subfield>
    <subfield code="c">2021.</subfield>
  </datafield>
  <datafield tag="300" ind1=" " ind2=" ">
    <subfield code="a">202 pages ;</subfield>
    <subfield code="c">20 cm.</subfield>
  </datafield>
  <datafield tag="504" ind1=" " ind2=" ">
    <subfield code="a">Includes bibliographical references (pages 185-202).</subfield>
  </datafield>
  <datafield tag="505" ind1="0" ind2=" ">
    <subfield code="a">Introduction: controlled demolition &#x2014; The cruel optimism of "Net Zero" &#x2014; Five ways of looking at fossil fuel phaseout &#x2014; A phaseout toolbox for the 2020s.</subfield>
  </datafield>
  <datafield tag="520" ind1=" " ind2=" ">
    <subfield code="a">Around the world, countries and companies are setting net-zero carbon emissions targets. But "net-zero" is a term that conveniently obscures multiple futures. There could be a version of net-zero where the fossil fuel industry is still spewing tens of billions of tons of CO2 into the atmosphere, and has built a corresponding industry in sucking it back out again. Holly Buck argues that focusing on emissions draws our attention away from where we need to be looking: the point of production. 0It is time to plan for the end of fossil fuel and the companies that profit from them. Fossil fuels still provide 80% of world energy and ceasing their use before there are ready alternatives brings risks of energy poverty. The fossil fuel industry provides jobs, as well as a source of revenue for some frontline communities. Conventional wisdom says that fossil fuels will be naturally priced out when cheaper, but this raises as many problems as it addresses. Ending Fossil Fuels tackles these problems seriously and also sets out a roadmap that offer opportunities for more liveable, inclusive future.</subfield>
  </datafield>
  <datafield tag="650" ind1=" " ind2="0">
    <subfield code="a">Fossil fuels</subfield>
    <subfield code="x">Environmental aspects</subfield>
    <subfield code="9">25292</subfield>
  </datafield>
  <datafield tag="650" ind1=" " ind2="0">
    <subfield code="a">Petroleum industry and trade</subfield>
    <subfield code="x">Environmental aspects</subfield>
    <subfield code="9">25293</subfield>
  </datafield>
  <datafield tag="650" ind1=" " ind2="0">
    <subfield code="a">Energy security</subfield>
    <subfield code="9">13699</subfield>
  </datafield>
  <datafield tag="650" ind1=" " ind2="0">
    <subfield code="a">Energy policy</subfield>
    <subfield code="x">Environmental aspects</subfield>
    <subfield code="9">23257</subfield>
  </datafield>
  <datafield tag="650" ind1=" " ind2="0">
    <subfield code="a">Climatic changes </subfield>
    <subfield code="9">14247</subfield>
  </datafield>
  <datafield tag="650" ind1=" " ind2="0">
    <subfield code="a">Renewable energy sources</subfield>
    <subfield code="9">23312</subfield>
  </datafield>
  <datafield tag="942" ind1=" " ind2=" ">
    <subfield code="2">lcc</subfield>
  </datafield>
  <datafield tag="952" ind1=" " ind2=" ">
    <subfield code="0">0</subfield>
    <subfield code="1">0</subfield>
    <subfield code="2">lcc</subfield>
    <subfield code="4">0</subfield>
    <subfield code="7">0</subfield>
    <subfield code="a">TBS</subfield>
    <subfield code="b">TBS</subfield>
    <subfield code="d">2025-05-22</subfield>
    <subfield code="l">0</subfield>
    <subfield code="o">TD887.F69 BUC</subfield>
    <subfield code="p">B05846</subfield>
    <subfield code="r">2025-05-22</subfield>
    <subfield code="t">1</subfield>
    <subfield code="w">2025-05-22</subfield>
    <subfield code="y">1</subfield>
  </datafield>
  <datafield tag="999" ind1=" " ind2=" ">
    <subfield code="c">4692</subfield>
    <subfield code="d">4692</subfield>
  </datafield>
</record>
